| 000 | 01340cam a22003497a 4500 | ||
|---|---|---|---|
| 001 | 14917267 | ||
| 005 | 20090429084547.0 | ||
| 008 | 070705s2006 enka b 001 0 eng d | ||
| 010 | _a2007275333 | ||
| 020 | _a0750669187 | ||
| 020 | _a9780750669184 | ||
| 035 | _a(OCoLC)ocm70252538 | ||
| 040 |
_aESU _cESU _dBAKER _dIXA _dYDXCP _dDLC |
||
| 042 | _alccopycat | ||
| 050 | 0 | 0 |
_aTS1912 _b.P33 2006 |
| 082 | 0 | 4 |
_a629.2482 _221 _bPAC |
| 100 | 1 |
_aPacejka, H. B. _96300 |
|
| 245 | 1 | 0 |
_aTyre and Vehicle Dynamics / _cHans B. Pacejka. |
| 250 | _a2nd ed. | ||
| 260 |
_aOxford : _bButterworth-Heinemann, _cc2006. |
||
| 300 |
_axiii, 642 p. : _bill. ; _c24 cm. |
||
| 504 | _aIncludes bibliographical references (p. [595]-605) and index. | ||
| 650 | 0 |
_aTires _xDesign. _96301 |
|
| 650 | 0 |
_aTires _xTraction. _96302 |
|
| 650 | 0 |
_aMotor vehicles _xTires. _96303 |
|
| 650 | 0 |
_aMotor vehicles _xDynamics. _96304 |
|
| 856 | 4 | 1 |
_3Table of contents only _uhttp://www.loc.gov/catdir/toc/fy0714/2007275333.html |
| 856 | 4 | 2 |
_3Publisher description _uhttp://www.loc.gov/catdir/enhancements/fy0909/2007275333-d.html |
| 942 |
_2ddc _cBB |
||
| 999 |
_c11865 _d11865 |
||